|
|
|
|
| LEADER |
00000nam0a2200000 4500 |
| 001 |
356696 |
| 005 |
20231102010922.0 |
| 035 |
|
|
|a (RuTPU)RU\TPU\retro\13956
|
| 090 |
|
|
|a 356696
|
| 100 |
|
|
|a 20200723d1973 km y0rusy50 ca
|
| 101 |
0 |
|
|a rus
|
| 102 |
|
|
|a BY
|
| 105 |
|
|
|a a z 001zy
|
| 200 |
1 |
|
|a Технико-экономические расчеты и обоснования в дипломных проектах (при разработке, производстве и эксплуатации новых радиоэлектронных приборов и устройств)
|f П. Д. Черникова
|
| 210 |
|
|
|a Минск
|c Вышэйшая школа
|d 1973
|
| 215 |
|
|
|a 188 с.
|c ил.
|
| 320 |
|
|
|a Библиогр.: с. 185-186
|
| 606 |
1 |
|
|a Радиоэлектронная аппаратура
|x Проектирование
|x Трудоемкость
|2 stltpush
|3 (RuTPU)RU\TPU\subj\23403
|9 48008
|
| 610 |
1 |
|
|a учебные пособия
|
| 610 |
1 |
|
|a учебное проектирование
|
| 610 |
1 |
|
|a дипломные проекты
|
| 610 |
1 |
|
|a технико-экономические расчеты
|
| 610 |
1 |
|
|a разработка
|
| 610 |
1 |
|
|a радиоэлектронные устройства
|
| 610 |
1 |
|
|a экономические расчеты
|
| 610 |
1 |
|
|a планирование
|
| 610 |
1 |
|
|a экономическая эффективность
|
| 675 |
|
|
|a 621.396.6.001.63(075.8)
|v 4
|
| 700 |
|
1 |
|a Черникова
|b П. Д.
|g Полина Дмитриевна
|
| 801 |
|
1 |
|a RU
|b 63413507
|c 20200723
|
| 801 |
|
2 |
|a RU
|b 63413507
|c 20210401
|g RCR
|
| 942 |
|
|
|c BK
|